000 00393 a2200169 4500
001 181993
020 _a85-08-03061-4
040 _cMagnum
100 _aMoretto, Vasco Pedro
240 1 0 _aEletricidade e eletromagnetismo
_lpor
245 1 0 _aEletricidade e eletromagnetismo
300 _a288
362 0 _a1989
440 1 _aÁtica
697 _aELETRICIDADE E ELETRÔNICA
942 _cBK
999 _c181993
_d181993